All Time Leader in Buzzer-Beater/s in Every NBA Season - Statistics

General Stats
  • This quiz has been taken 4 times
  • The average score is 22 of 64
Answer Stats
Season Year Buzzer-Beater/s Answer % Correct
8th 2003 - 2004 2 Kobe Bryant
100%
14th 2009 - 2010 3 Kobe Bryant
100%
2017 - 2018 1 LeBron James
100%
22nd 2024 - 2025 1 LeBron James
100%
1997 - 1998 2 Antoine Walker
75%
2nd 2016 - 2017 2 Devin Booker
75%
2004 - 2005 2 Dwyane Wade
75%
12th 2012 - 2013 2 Joe Johnson
75%
2013 - 2014 2 Joe Johnson
75%
9th 2012 - 2013 2 J.R. Smith
75%
1985 - 1986 2 Julius Erving
75%
1988 - 1989 2 Magic Johnson
75%
2005 - 2006 2 Mo Williams
75%
1979 - 1980 2 Randy Smith
75%
Rookie 2022 - 2023 2 AJ Griffin
50%
2008 - 2009 2 Brandon Roy
50%
2008 - 2009 2 Caron Butler
50%
1982 - 1983 2 Cliff Robinson
50%
1997 - 1998 2 David Robinson
50%
13th 2021 - 2022 2 DeMar DeRozan
50%
16th 2013 - 2014 1 Dirk Nowitzki
50%
1995 - 1996 2 John Stockton
50%
1984 - 1985 1 Kareem Abdul-Jabbar
50%
2006 - 2007 2 Kevin Garnett
50%
2009 - 2010 1 Kevin Garnett
50%
3rd 2014 - 2015 2 Khris Middleton
50%
1973 - 1974 2 Rick Barry
50%
1979 - 1980 2 Walter Davis
50%
10th 2013 - 2014 2 Andre Iguodala
25%
1967 - 1968 2 Cazzie Russell
25%
1994 - 1995 2 Clyde Drexler
25%
2008 - 2009 2 Devin Harris
25%
2013 - 2014 2 Evan Turner
25%
6th 2005 - 2006 2 Gilbert Arenas
25%
2003 - 2004 1 Glen Rice
25%
1971 - 1972 2 John Havlicek
25%
1971 - 1972 2 John Havlicek
25%
4th 2014 - 2015 2 Tobias Harris
25%
1999 - 2000 2 Vince Carter
25%
2008 - 2009 1 Vince Carter
25%
1951 - 1952 2 Andy Phillip
0%
1st 1976 - 1977 1 Artis Gilmore
0%
1984 - 1985 2 Bill Laimbeer
0%
1 Brian Taylor
0%
1949 - 1950 2 Carl Braun
0%
1953 - 1954 2 Carl Braun
0%
1999 - 2000 1 Charles Oakley
0%
2010 - 2011 1 Derek Fisher
0%
7th 2018 - 2019 2 Evan Fournier
0%
1953 - 1954 2 Irv Bemoras
0%
1972 - 1973 1 John Brisker
0%
1988 - 1989 2 Kurt Rambis
0%
1992 - 1993 2 Mahmoud Abdul-Rauf
0%
1999 - 2000 2 Malik Sealy
0%
2001 - 2002 2 Moochie Norris
0%
5th 2015 - 2016 2 Nikola Vučević
0%
15th 2025 - 2026 1 Nikola Vučević
0%
2005 - 2006 2 Pau Gasol
0%
1950 - 1951 2 Ralph Beard
0%
1987 - 1988 2 Reggie Theus
0%
11th 1966 - 1967 2 Richie Guerin
0%
1990 - 1991 1 Robert Parish
0%
1 Swen Nater
0%
1981 - 1982 2 World B. Free
0%
No matching quizzes found
Score Distribution
Percent of People with Each Score
Percentile by Number Answered
Your Score History
You have not taken this quiz